| 000 | 00466nam a2200181Ia 4500 | ||
|---|---|---|---|
| 008 | 150901s9999 xx 000 0 und d | ||
| 041 | _aEnglish | ||
| 082 | _a338.1 | ||
| 082 | _bSAN/IN | ||
| 100 | _aSankhayan P L | ||
| 100 | _eAuthor | ||
| 245 | _aIntriduction to the economics of agricultural production | ||
| 260 | _aNew Delhi | ||
| 260 | _bPrentice-hall of India Pvt Ltd | ||
| 300 | _a135 Pages | ||
| 650 | _aAgricultural economics | ||
| 942 | _cBK | ||
| 999 |
_c239343 _d239343 |
||